| 000 | 01445cam a2200361 i 4500 | ||
|---|---|---|---|
| 999 |
_c1447 _d1447 |
||
| 001 | 18111058 | ||
| 003 | OSt | ||
| 005 | 20221229153913.0 | ||
| 008 | 140410t20152015caua j 001 0 eng c | ||
| 010 | _a 2014014105 | ||
| 020 | _a9781480745995 (pbk.) | ||
| 040 |
_aNJQ/DLC _beng _cNJQ _erda _dDLC _dKH8 |
||
| 042 | _apcc | ||
| 082 | 0 | 4 |
_a577 RIC _223 |
| 100 | 1 |
_aRice, Dona, _eauthor. |
|
| 245 | 1 | 0 |
_aInterdependence of living things / _cDona Herweck Rice. |
| 264 | 1 |
_aHuntington Beach, CA : _bTeacher Created Materials, _c[2015] |
|
| 300 |
_a32 pages : _bcolor illustrations ; _c23 cm. |
||
| 336 |
_atext _2rdacontent |
||
| 337 |
_aunmediated _2rdamedia |
||
| 338 |
_avolume _2rdacarrier |
||
| 490 | 0 | _aLife science | |
| 500 | _aIncludes index. | ||
| 505 | 0 | _aInterdependence -- A world of living things -- Food webs -- Ecosystems -- Independence -- Let's do science!. | |
| 520 |
_a"All living things need one another to survive. Each living thing gives something to Earth and has its own special needs. Working together keeps the circle of life going."-- _cProvided by publisher. |
||
| 521 | 2 | _aK to grade 3. | |
| 650 | 0 |
_aEcology _vJuvenile literature. |
|
| 650 | 0 |
_aBiotic communities _vJuvenile literature. |
|
| 650 | 0 |
_aFood chains (Ecology) _vJuvenile literature. |
|
| 906 |
_a7 _bcbc _corignew _d1 _eecip _f20 _gy-gencatlg |
||
| 942 |
_2ddc _cNFIC |
||